The radioimmunoassay of serum free thyroid hormones and its clinical and physiological applications /
Saved in:
| 主要作者: | |
|---|---|
| 格式: | Thesis 图书 |
| 语言: | English |
| 出版: |
[Singapore] :
University of Singapore,
1978.
|
| 主题: | |
| 标签: |
添加标签
没有标签, 成为第一个标记此记录!
|
| LEADER | 00845nam a2200241 a 4500 | ||
|---|---|---|---|
| 001 | u238202 | ||
| 003 | SIRSI | ||
| 008 | 920814s1978 si a 00 1 eng | ||
| 035 | |a ABC-3334 | ||
| 040 | |a UMP | ||
| 096 | |a WK202 |b Yeo 1978 | ||
| 100 | 1 | 0 | |a Yeo, Peng Boon Peter. |
| 245 | 1 | 4 | |a The radioimmunoassay of serum free thyroid hormones and its clinical and physiological applications / |c Peter Yeo Peng Boon. |
| 260 | 0 | |a [Singapore] : |b University of Singapore, |c 1978. | |
| 300 | |a 363 p. : |b ill. ; |c 30 cm. | ||
| 502 | |a M.D. thesis - University of Singapore. | ||
| 504 | |a Bibliography: p. 302-363. | ||
| 650 | 2 | |a Thyroid Hormones |x analysis. | |
| 650 | 2 | |a Thyroid Diseases |x diagnosis. | |
| 650 | 2 | |a Radioimmunoassay. | |
| 948 | |a 14/08/1992 |b 14/08/1992 | ||
| 596 | |a 2 | ||
| 999 | |a WK202 YEO 1978 |w LC |c 1 |i A502457185 |l STACKS |m P02MEDKL |r Y |s Y |t TESIS |u 1/10/1995 | ||
